Top 10 leading scorers NBA All Time - Statistics

General Stats
  • This quiz has been taken 676 times
    658 since last reset
  • The average score is 7 of 10
Answer Stats
Hint Answer % Correct
4 Michael Jordan
93%
3 Kobe Bryant
89%
2 Karl Malone
85%
1 Kareem Abdul-Jabbar
81%
8 Moses Malone
80%
5 Wilt Chamberlain
64%
7 Shaquille O'Neal
62%
6 Dirk Nowitzki
53%
10 Hakeem Olajuwon
39%
9 Elvin Hayes
25%
No matching quizzes found
Score Distribution
Percent of People with Each Score
Percentile by Number Answered
Your Score History
You have not taken this quiz since the last reset